00923nam a2200181Ia 4500008004100000020001800041050001900059100004500078240009900123245009900222260004000321300001000361500012300371650007800494700004400572952010800616999001700724121028s9999 xx 000 0 und d a970-768-009-1 aK5015 O75 2005 aMoisés Moreno Hernández, coordinador aOrientaciones de la política criminal legislativa / Moisés Moreno Hernández, coordinador aOrientaciones de la política criminal legislativa / Moisés Moreno Hernández, coordinador aMéxico : Escuela Libre de Derecho a369 p aCoedición con: Centro de Estudios de Política Criminal y Ciencias Penales : Instituto Nacional de Ciencias Penales aDerecho penal -- Cooperación internacional Jurisdicción penal  aMoreno Hernández, Moisés, editorÌ 00104070a14b14d2011-06-24l2oK5015 O75 2005p14 004259r2019-04-04s2019-04-04t1w2012-10-28yLB c86103d86103